000
002950000a22000970004500
100
1
_a
Gattinoni, Juan
245
1
0
_a
Culto de segunda bençao matrimonial : Celebraçao de novo pacto entre pessoas divorciadas
300
_a
Vol.0, núm.20 (Agosto, 2006), Páginas 3-8
773
0
_t
TEAR
942
_c
ANA
999
_c
61602
_d
61602